000
00275nam a22001217a 4500
082
_a
823
_b
PAI/P
100
_a
PAI, ANAND
245
_a
PANCHTANTRA AND OTHER STORIES
260
_a
BOMBAY
_b
INDIA BOOK HOUSE
_c
1999
300
_a
31
650
_a
ENGLISH STORY
_z
INDIA
942
_c
BK
999
_c
7433
_d
7433